| 000 | 00931nam a22001817a 4500 | ||
|---|---|---|---|
| 005 | 20160224112858.0 | ||
| 008 | 160224b xxu||||| |||| 00| 0 eng d | ||
| 040 | _aANE | ||
| 041 | _aEs | ||
| 082 | _aTV-2125 | ||
| 100 |
_aNebot, Jaime _ealcalde de Guayaquil |
||
| 245 | _aNebot aclara que compra de terrenos no fue al ISSFA | ||
| 260 |
_aGuayaquil _bTelerama _c2016-02-23 |
||
| 300 | _ap. | ||
| 520 | _aEl alcalde de Guayaquil, Jaime Nebot, no negó que el Municipio de la ciudad compró terrenos a un costo menor que el Ministerio de Ambiente en el sector de los Samanes, tal como lo manifestó el Presidente Rafael Correa. Aclaró que la compra del terreno no fue al ISSFA. | ||
| 650 | _acompras/alcalde de Guayaquil/Municipio/Instituto de Seguridad Social de las Fuerzas Armadas/Ministerio del Ambiente/compra de terrenos/Parque Samanes/avalúo/costo menor/Gobierno Nacional/no fue al ISSFA/ | ||
| 942 |
_2ddc _cVM _zIES. |
||
| 999 |
_c33148 _d33148 |
||